| 000 | 00785nam a22002057a 4500 | ||
|---|---|---|---|
| 005 | 20250912100142.0 | ||
| 010 | _aB-774990-5005 20BACCHEN25 | ||
| 020 |
_a9789354716348 _c299.00 |
||
| 035 | _aB-774990-5005 | ||
| 037 | _bScholastic | ||
| 082 | _aS | ||
| 100 |
_aMara, Maddy _985010 |
||
| 245 |
_aDragon Girls: _bGrace the Cave Dragon/ _cBy Maddy Mara |
||
| 250 | _a1 | ||
| 260 |
_aUnited States _bScholastic _c2024 |
||
| 270 |
_aNew York _bUnited States _k0124 484 2800 |
||
| 300 |
_a122p. _c20m(pb) |
||
| 942 |
_2ddc _cEN _mMAR _hS |
||
| 999 |
_c209713 _d209713 |
||